| 000 | 00791nam a22002657a 4500 | ||
|---|---|---|---|
| 003 | CHAP | ||
| 005 | 20220329134352.0 | ||
| 008 | 971013s r 00010 d | ||
| 010 | _a19452 | ||
| 011 | _a20424 | ||
| 035 | _a24512 | ||
| 040 | _cCHAP | ||
| 090 | _aFolleto 2041 | ||
| 110 |
_aCentro Internacional de Agricultura Tropical _921185 |
||
| 245 | _aSistemas de producción de yuca | ||
| 260 |
_aCali : _b(El Centro), _c(s.a.) |
||
| 300 |
_a62 p. _b: ilus. ; gráfs. |
||
| 590 |
_aBATCH-UPD _b10 _c20130110 _lUCH01 _h0031 |
||
| 590 |
_aCONVERSION _b10 _c20130109 _lUCH01 _h1312 |
||
| 650 | 1 | 4 |
_aYuca _xRendimiento. _9123299 |
| 901 | _aBK | ||
| 942 | _cFOLL | ||
| 949 |
_aFolleto 2041 _bBC _cFOLL _d-56468 _eTS1 _i24512 _si |
||
| 949 |
_aFolleto 2041 _bBC _cFOLL _d-56469 _eTS2 _fc.2 _i24512 _si |
||
| 999 |
_c19452 _d19452 |
||